000 00353nam a2200145Ia 4500
005 20251222154404.0
008 251222s9999||||xx |||||||||||||| ||spa||
020 _a8427119534
082 _a150/L89
100 _aLorin, Claude
245 0 _aLa Psicología del Niño y del Adolescente
250 _a2da. ed.
264 _bMensajero S.A.
942 _cLIB
999 _c35397
_d35397